[Event "Harbin U20 op"]
[Site "Harbin"]
[Date "2017.01.20"]
[Round "6"]
[White "Shushakov, Andrey"]
[Black "Liu, Yuanxin"]
[Result "1/2-1/2"]
[WhiteElo "1633"]
[BlackElo "1374"]
[PlyCount "74"]
[EventDate "2017.01.18"]
[EventType "swiss"]
[EventRounds "9"]
[EventCountry "CHN"]
[SourceTitle "EXT 2018"]
[Source "ChessBase"]
[SourceDate "2017.10.13"]
[SourceVersion "1"]
[SourceVersionDate "2017.10.13"]
[SourceQuality "1"]

1. e4 e5 2. Nf3 Nc6 3. Bc4 Bc5 4. c3 Nf6 5. d3 h6 6. b4 Be7 7. b5 Na5 8. Nxe5 0-0 9. Bb3 d5 10. exd5 Nxd5 11. 0-0 Bf6 12. f4 c6 13. bxc6 Nxc6 14. d4 Nce7 15. Bc2 Qa5 16. c4 Nb4 17. Bd2 Qb6 18. Bc3 Nxc2 19. Qxc2 Nf5 20. Qf2 Qc7 21. Nd2 Be6 22. d5 Bxd5 23. Bb4 Be6 24. Bxf8 Kxf8 25. Ndf3 a6 26. Rfd1 Kg8 27. Rd2 Rc8 28. Rc1 Qa5 29. Rcc2 b6 30. h3 b5 31. cxb5 Rxc2 32. Rxc2 axb5 33. Qc5 Qa4 34. g4 Nh4 35. Nxh4 Bxh4 36. Nd3 Bxa2 37. Nb4 Bc4 1/2-1/2